Maggior numero di Vittorie al Gran Premio di Spagna - Statistics

Statistiche generali
  • Questo quiz è stato fatto 4 volte
  • Il punteggio medio è 9 su 12
Statistiche sulle risposte
Numero vittorie Stagioni delle vittorie Pilota % Corretto
3 1988, 1990, 1993 Alain Prost
100%
2 1986, 1989 Ayrton Senna
100%
2 2006, 2013 Fernando Alonso
100%
6 2014, 2017, 2018, 2019, 2020, 2021 Lewis Hamilton
100%
3 2016, 2022, 2023 Max Verstappen
100%
6 1995, 1996, 2001, 2002, 2003, 2004 Michael Schumacher
100%
3 1998, 1999, 2000 Mika Häkkinen
100%
2 2005, 2008 Kimi Räikkönen
75%
2 1972, 1973 Emerson Fittipaldi
50%
3 1969, 1970, 1971 Jackie Stewart
50%
3 1987, 1991, 1992 Nigel Mansell
50%
2 1977, 1978 Mario Andretti
0%
Nessun quiz corrispondente trovato
Distribuzione punteggi
Percentuale di utenti per punteggio
Percentile per numero di risposta
I tuoi punteggi nel tempo
Non hai fatto questo quiz